All JackSucksAtLife's YouTube Channels - Statistics

General Stats
  • This quiz has been taken 25 times
  • The average score is 8 of 18
Answer Stats
Activity Channel % Correct
Alive JackSucksAtGeography
94%
Alive JackSucksAtLife
94%
Alive JackSucksAtStuff
82%
Alive JackSucksAtClips
59%
Dead SamSmellsOfApricot
53%
Dead Jack Massey Welsh
47%
Dead JackMasseyWelsh
47%
Dead JackSucksAtPopUpPirate
47%
Dead SamSmellsOfApricots
47%
Alive No Context JackSucksAtLife
41%
Dead turd boi420
41%
Dead ejsafc
35%
Dead Geography Stuff 🌎
29%
Dead Fufik
24%
Dead JacksEpicYoutubeChannelFullOfFunTimesAndFunHiRickX
24%
Dead pretty woman kitchen
24%
Alive JackSucksAtEspañol
18%
Dead JACKSEPICYOUTUBECHANNELFULLOFFUNTIMESANDFUNHIRICKX HASNOTHINGONMEIAMTHESUPERIORCHANNELIHAVEMORE CHARACTERSTHANALLOFJACKSYOUTUBECHANNELSCOMBINED HAHAHAHAIHAVEMORECHARACTERSTHANJACKSUCKSATLIFE JACKSUCKSATSTUFFJACKMASSEYWELSHJACKSUCKSATGEOGRAPHY JACKSUCKSATCLIPSSAMSMELLSOFAPRICOTS JACKSUCKSATPOPUPPIRATEETCETCIMAGINETHISONAPLAYBUTTON JESUSCHRISTBTWPLEASESUBSCRIBETHANKYOUVERYMUCHHIRICKXxXxXX
0%
No matching quizzes found
Score Distribution
Percent of People with Each Score
Percentile by Number Answered
Your Score History
You have not taken this quiz